1109 1996 1145 1239 1396 1902 1179 1027 1867 1417 1728 1284 1335 1629 1768 1438 1430 1049 1615 1031 1792 1544 1638 1488 1224 1107 1878 1087 1100 1978 1497 1745 1850 1503 1082 1476 1468 1845 1592 1610 1239 1769 1109 1329 1573 1078 1724 1998 1618 1037 1034 1575 1533 1609 1754 1942 1937 1109 1567 1256 1746 1210 1157 1042 1708 1476 1593 1245 1471 1251 1073 1216 1903 1057 1764 1609 1648 1980 1027 1581 1101 1477 1107 1820 1577 1802 1263 1662 1344 1634 1032 1619 1062 1486 1620 1825 1123 1415 1024 BCNSPRNW ULIB Ver.6.0+V

เปลี่ยนเป็นภาษาไทย

Change to English
 แสดงรายละเอียดบรรณานุกรม
  กลับหน้าหลัก

Brief Record : Get Marc (ISO 2709) : E-mail record : QR code < ปิดหน้าต่าง
LEADER : 00000nam 2200000uu 4500
001    13399128488
003     ULIB
008    020711s2565 th a 000 0 tha d
020    ^a9786165903769
050  0 ^aLB1060^bม161ก
100    ^aมนสิช สิทธิสมบูรณ์
245    ^aกลยุทธ์การจัดการเรียนรู้เชิงรุก
250    ^aพิมพ์ครั้งที่ 1
260    ^aพระนครศรีอยุธยา :^bโรงพิมพ์จุฬาลงกรณ์มหาวิทยาลัย,^c2565
300    ^a170 หน้า;^c26 ซม.
650    ^aการจัดการเรียนรู้เชิงรุก
650    ^aการเรียนรู้ทางวิชาชีพ
945    ^p250^l0^i010236
945    ^p250^l0^i010237
945    ^p250^l0^i010238
999    ^aประนอม เกษจรัล
รายการนี้ยังไม่มีแท็ก
คุณยังไม่ได้ล็อกอิน คุณสามารถมีกิจกรรมร่วมกับเว็บไซต์ได้ แต่ต้องล็อกอินก่อน ::
  ล็อกอิน

รายการสื่อสารสนเทศ

ลำดับที่ ประเภท เลขเรียก/บาร์โค้ด สถานที่ สถานะ
1. การศึกษาทั่วไป
หนังสือสำรอง
สถานะ=หนังสือสำรอง
LB1060 ม161ก ฉ.1 
  Barcode: 010236
ห้องสมุดวิทยาเขตสวรรค์ประชารักษ์
►หนังสือทั่วไป
บนชั้น
2. การศึกษาทั่วไป
การศึกษาทั่วไป
LB1060 ม161ก ฉ.2 
  Barcode: 010237
ห้องสมุดวิทยาเขตสวรรค์ประชารักษ์
►หนังสือทั่วไป
บนชั้น
3. การศึกษาทั่วไป
การศึกษาทั่วไป
LB1060 ม161ก ฉ.3 
  Barcode: 010238
ห้องสมุดวิทยาเขตสวรรค์ประชารักษ์
►หนังสือทั่วไป
บนชั้น

รายการใกล้เคียง
    ชื่อเรื่อง [กลยุทธ์การจัดการเรียนรู้เชิงรุก]

    ผู้แต่ง [มนสิช สิทธิสมบูรณ์]

    หัวเรื่อง [การจัดการเรียนรู้เชิงรุก]
    หัวเรื่อง [การเรียนรู้ทางวิชาชีพ]

BibComment


ยังไม่เคยถูกคอมเมนท์

คอมเมนท์ทรัพยากรรายการนี้
  คอมเมนท์: กลยุทธ์การจัดการ..


 Copyright 2026. Bcnsprnw @Library